Guess the Celebrity by their Picture #16 - Statistics

General Stats
  • This quiz has been taken 92 times
  • The average score is 2 of 15
Answer Stats
Picture Answer % Correct
Robert Downey Jr.
96%
Gwyneth Paltrow
62%
Phoebe Tonkin
22%
Garth Brooks
16%
Joseph Morgan
14%
Michael Trevino
10%
Tinie Tempah
4%
Afrojack
3%
Lykke Li
3%
Zyra
1%
Justin Tranter
0%
Katy B.
0%
Maggie Eckford
0%
Mai Lan
0%
Oliver Heldens
0%
No matching quizzes found
Score Distribution
Percent of People with Each Score
Percentile by Number Answered
Your Score History
You have not taken this quiz